Баллоны стальные бесшовные на рабочее давление не более 30,0 МПа (305,9 кгс/см²) вместимостью не более 100 л для транспортировки, хранения и использования газов (Запись № 13639701)
[ простой вид ]
| 000 -МАРКЕР | |
|---|---|
| контрольное поле | 04141nam0a2200457 4500 |
| 001 - ИДЕНТИФИКАТОР ЗАПИСИ | |
| контрольное поле | RU\NLR\BIBL_A\022737075 |
| 005 - ИДЕНТИФИКАТОР ВЕРСИИ | |
| контрольное поле | 20260407093206.0 |
| 029 10 - НОМЕР ДОКУМЕНТА (нормативные и технические документы. Неопубликованные документы) | |
| Страна | российская федерация |
| Номер | 949-2023 |
| Тип номера документа | ГОСТ |
| 035 ## - ДРУГИЕ СИСТЕМНЫЕ НОМЕРА | |
| Идентификатор записи | (NLR Aleph) 022737075 |
| 100 ## - ДАННЫЕ ОБЩЕЙ ОБРАБОТКИ | |
| Данные общей обработки | 20260226d2025 k y0rusy50 ca |
| 101 0# - ЯЗЫК РЕСУРСА | |
| Язык текста, звукозаписи и т.д. | русский |
| 102 ## - СТРАНА ПУБЛИКАЦИИ ИЛИ ПРОИЗВОДСТВА | |
| Страна публикации | российская федерация |
| 105 ## - ПОЛЕ КОДИРОВАННЫХ ДАННЫХ: ТЕКСТОВЫЕ МАТЕРИАЛЫ, МОНОГРАФИЧЕСКИЕ | |
| Кодированные данные о монографическом текстовом документе | y l 000|y |
| 181 #0 - ПОЛЕ КОДИРОВАННЫХ ДАННЫХ: ВИД СОДЕРЖАНИЯ | |
| Код вида содержания (ISBD) | i |
| Код характеристики содержания (ISBD) | axxe |
| 182 #0 - ПОЛЕ КОДИРОВАННЫХ ДАННЫХ: ТИП СРЕДСТВА | |
| Код типа средства (ISBD) | n - непосредственное |
| 200 1# - ЗАГЛАВИЕ И СВЕДЕНИЯ ОБ ОТВЕТСТВЕННОСТИ | |
| Основное заглавие | Баллоны стальные бесшовные на рабочее давление не более 30,0 МПа (305,9 кгс/см²) вместимостью не более 100 л для транспортировки, хранения и использования газов |
| Сведения, относящиеся к заглавию | технические условия |
| Параллельное заглавие | Seamless steel cylinders for working pressure below 30,0 MPa (305,9 kgf/sm) with capacity not exceeding 100 l for transportation, storage and use of gas. Specifications |
| Язык параллельного заглавия | английский |
| Сведения, относящиеся к заглавию | ГОСТ 949-2023 |
| Первые сведения об ответственности | Разработан Русским научно-исследовательским институтом трубной промышленности (АО "РусНИТИ") |
| 203 ## - ВИД СОДЕРЖАНИЯ И ТИП СРЕДСТВА | |
| Вид содержания | Текст |
| Дополнительные сведения об издании | визуальный |
| Тип средства | непосредственный |
| 205 ## - СВЕДЕНИЯ ОБ ИЗДАНИИ | |
| Сведения об издании | Изд. офиц. |
| Дополнительные сведения об издании | Изд. ноябрь 2025г. с Поправкой |
| 210 ## - ПУБЛИКАЦИЯ, РАСПРОСТРАНЕНИЕ И ДР. | |
| Место издания, распространения и т.д. | Москва |
| Имя издателя, распространителя и т. д. | Российский институт стандартизации |
| Дата издания, распространения и т.д. | 2025 |
| 215 ## - ФИЗИЧЕСКАЯ ХАРАКТЕРИСТИКА | |
| Специфическое обозначение материала и объем | VI, 43 c. |
| Размеры | 29 |
| 225 1# - СЕРИЯ | |
| Основное заглавие серии | Межгосударственный стандарт |
| Сведения об ответственности | Межгосударственный совет по стандартизации, метрологии и сертификации |
| 239 ## - ОБЛАСТЬ СПЕЦИФИЧЕСКИХ СВЕДЕНИЙ: НОРМАТИВНЫЕ И ТЕХНИЧЕСКИЕ ДОКУМЕНТЫ | |
| Сведения | Введ. 01.01.2025 |
| -- | взамен ГОСТ 949-73 |
| 320 ## - ПРИМЕЧАНИЯ О НАЛИЧИИ В ДОКУМЕНТЕ БИБЛИОГРАФИИ / УКАЗАТЕЛЯ | |
| Текст примечания | Библиогр.: с.42 (3 назв.) |
| 451 #0 - ДРУГОЕ ИЗДАНИЕ [КАТАЛОГИЗИРУЕМОГО ДОКУМЕНТА] НА АНАЛОГИЧНОМ НОСИТЕЛЕ | |
| Встроенное поле | 001RU\NLR\BIBL_A\022037479 |
| -- | 2001#$aБаллоны стальные бесшовные на рабочее давление не более 30,0 МПа (305,9 кгс/см²) вместимостью не более 100 л для транспортировки, хранения и использования газов. технические условия |
| Системный номер (АБИС) связанной записи | 12558674 |
| Место публикации | Москва |
| Дата публикации | 2023 |
| Издание | Изд. офиц. |
| Первые сведения об ответственности | Разработан Русским научно-исследовательским институтом трубной промышленности (АО "РусНИТИ") |
| Параллельное заглавие | Seamless steel cylinders for working pressure below 30,0 MPa (305,9 kgf/sm) with capacity not exceeding 100 l for transportation, storage and use of gas. Specifications |
| Имя издателя, распространителя и т.д. | Российский институт стандартизации |
| Сведения, относящиеся к заглавию | технические условия : ГОСТ 949-2023 |
| Физическая характеристика | VI, 43 c. |
| Заглавие | Баллоны стальные бесшовные на рабочее давление не более 30,0 МПа (305,9 кгс/см²) вместимостью не более 100 л для транспортировки, хранения и использования газов |
| 510 1# - ПАРАЛЛЕЛЬНОЕ ЗАГЛАВИЕ | |
| Параллельное заглавие | Seamless steel cylinders for working pressure below 30,0 MPa (305,9 kgf/sm) with capacity not exceeding 100 l for transportation, storage and use of gas. Specifications |
| Язык заглавия | английский |
| 517 1# - ДРУГИЕ ВАРИАНТЫ ЗАГЛАВИЯ | |
| Вариант заглавия | ГОСТ 949-2023 |
| 606 1# - НАИМЕНОВАНИЕ ТЕМЫ КАК ПРЕДМЕТ | |
| Наименование темы | Естественные газы |
| Формальный подзаголовок | Технические условия |
| Тематический подзаголовок | Хранение |
| Системный номер авторитетной/нормативной записи | 2526092 |
| Идентификатор авторитетной/нормативной записи | RU\NLR\AUTH\661496547 |
| 606 1# - НАИМЕНОВАНИЕ ТЕМЫ КАК ПРЕДМЕТ | |
| Наименование темы | Естественные газы |
| Формальный подзаголовок | Технические условия |
| Тематический подзаголовок | Транспортировка |
| Системный номер авторитетной/нормативной записи | 1425021 |
| Идентификатор авторитетной/нормативной записи | RU\NLR\AUTH\66290487 |
| 606 1# - НАИМЕНОВАНИЕ ТЕМЫ КАК ПРЕДМЕТ | |
| Наименование темы | Сосуды, работающие под давлением стальные |
| Формальный подзаголовок | Технические условия |
| Системный номер авторитетной/нормативной записи | 1659639 |
| Идентификатор авторитетной/нормативной записи | RU\NLR\AUTH\661033900 |
| 686 ## - ИНДЕКСЫ ДРУГИХ КЛАССИФИКАЦИЙ | |
| Издание | 2000 |
| Код системы | |
| 686 1# - ИНДЕКСЫ ДРУГИХ КЛАССИФИКАЦИЙ | |
| Индекс | Л54-309я863 |
| 686 1# - ИНДЕКСЫ ДРУГИХ КЛАССИФИКАЦИЙ | |
| Индекс | О184.88я863 |
| 686 1# - ИНДЕКСЫ ДРУГИХ КЛАССИФИКАЦИЙ | |
| Индекс | Л114.037-51я863 |
| 712 02 - НАИМЕНОВАНИЕ ОРГАНИЗАЦИИ - ВТОРИЧНАЯ ОТВЕТСТВЕННОСТЬ | |
| Код отношения | Агентство по стандартам |
| Начальный элемент ввода | Межгосударственный совет по стандартизации, метрологии и сертификации |
| Идентификатор авторитетной/нормативной записи | RU\NLR\AUTH\8823529 |
| Системный номер авторитетной/нормативной записи | 321571 |
| 712 02 - НАИМЕНОВАНИЕ ОРГАНИЗАЦИИ - ВТОРИЧНАЯ ОТВЕТСТВЕННОСТЬ | |
| Код отношения | Разработчик номерного издания |
| Начальный элемент ввода | Русский НИИ трубной промышленности |
| Идентифицирующий признак | Челябинск |
| Системный номер авторитетной/нормативной записи | 791045 |
| Идентификатор авторитетной/нормативной записи | RU\NLR\AUTH\880561953 |
| 942 ## - ДОПОЛНИТЕЛЬНЫЕ ЭЛЕМЕНТЫ ЗАПИСИ (АБИС) | |
| Тип экземпляра АБИС | Книга |
| 980 ## - КОЛЛЕКЦИЯ | |
| Название коллекции | Национальная библиография |
Нет доступных экземпляров.